Computer Companies - Statistics

General Stats
  • This quiz has been taken 152 times
  • The average score is 7 of 15
Answer Stats
Answer % Correct
Apple
85%
DELL
75%
Asus
65%
Microsoft
63%
Lenovo
59%
Samsung
58%
Acer
52%
Intel
42%
Google
38%
Sony
35%
IBM
33%
AMD
30%
Toshiba
26%
Cisco
6%
foxconn
2%
No matching quizzes found
Score Distribution
Percent of People with Each Score
Percentile by Number Answered
Your Score History
You have not taken this quiz